• 首页
  • 本馆介绍
  • 公告通知
  • 最新文献
  • 馆藏检索
  • 电子资源
  • 读者导购
  • 参考咨询
  • 我的图书馆
  • 登录
  • 详细信息显示
  • 放入我的书架
  • 预约/预借图书
  • 作者相关作品
  • 分类相关作品
  • 丛书相关作品
  • 出版社相关作品

书目信息

  • 表格格式
  • 工作单格式
  • 卡片格式
题名:
从零开始学西班牙语这本就够
    
 
作者: 高第 编著
分册:  
出版信息: 北京   中国纺织出版社  2017
页数: 302页
开本: 21cm
丛书名:
单 册:
中图分类: H34
科图分类:
主题词: 西班牙语--自学参考资料
电子资源:
ISBN: 978-7-5180-3233-4
000 00784nam0 2200241 450
001 012001000874
005 20180920153214.50
010    @a978-7-5180-3233-4@dCNY39.80
100    @a20170619d2017 em y0chiy50 ea
101 0  @achi@aspa
102    @aCN@b110000
105    @aa z 000yy
106    @ar
200 1  @a从零开始学西班牙语这本就够@9Cong Ling Kai Shi Xue Xi Ban Ya Yu Zhe Ben Jiu Gou@f高第编著
205    @a2版
210    @a北京@c中国纺织出版社@d2017
215    @a302页@c图@d21cm
330    @a本书从西班牙语基础字母入门,到日常生活、交流表达、当地生活、求学职场、文化概况等,涵盖了旅游生活及工作各个方面。
606 0  @a西班牙语@j自学参考资料
690    @aH34@v5
701  0 @a高第@9Gao Di@4编著
801  0 @aCN@b上海新华@c20180901
905    @b1155450-54@dH34@e21=2@f5
    
    从零开始学西班牙语这本就够/高第编著.-2版.-北京:中国纺织出版社,2017
    302页:图;21cm
    
    
    ISBN 978-7-5180-3233-4:CNY39.80
    本书从西班牙语基础字母入门,到日常生活、交流表达、当地生活、求学职场、文化概况等,涵盖了旅游生活及工作各个方面。
●
相关链接 在E读中查询图书 在五车中查询图书 在当当中查询图书 在豆瓣中查询图书


正题名:从零开始学西班牙语这本就够     索取号:H34/21=2         预约/预借

序号 登录号 条形码 馆藏地/架位号 状态 备注
1 1155450   211554502   第二样本阅览室/ [索取号:H34/21=2] 在馆    
2 1155451   211554511   第四借阅区/ [索取号:H34/21=2] 在馆    
3 1155452   211554520   第四借阅区/ [索取号:H34/21=2] 在馆    
4 1155453   211554539   第四借阅区/ [索取号:H34/21=2] 在馆    
5 1155454   211554548   密集书库—外国语学院/ [索取号:H34/21=2] 在馆    
唐山师范学院图书馆 欢迎您!
大连网信软件有限公司© 版权所有